Management obchodního podniku

Gespeichert in:
Bibliographische Detailangaben
1. Verfasser: Pražská, Lenka
Format: Buch
Sprache:Tschechisch
Veröffentlicht: Praha VŠE 1991
Ausgabe:1. vyd.
Schlagworte:
Tags: Tag hinzufügen
Keine Tags, Fügen Sie das erste Tag hinzu!

MARC

LEADER 00000nam a2200000 4500
001 c002281
005 20221214094118.0
020 |a 80-7079-050-4 
041 0 |a cze 
044 |a CZ 
245 1 0 |a Management obchodního podniku  |c Lenka Pražská a kol. 
250 |a 1. vyd. 
264 1 |a Praha  |b VŠE  |c 1991 
300 |a 152 s. 
610 2 0 |a manažment 
610 2 0 |a podnik obchodný 
610 2 0 |a riadenie podnikové 
610 2 0 |a pracovníci riadiaci 
610 2 0 |a teória riadenia 
610 2 0 |a teória rozhodovania 
610 2 0 |a rozhodovanie 
610 2 0 |a stratégia podniková 
610 2 0 |a firmy 
610 2 0 |a plánovanie operatívne 
610 2 0 |a štruktúra organizačná 
610 2 0 |a modely organizačné 
610 2 0 |a politika personálna 
610 2 0 |a vedenie 
610 2 0 |a motivácia pracovná 
610 2 0 |a riadenie operatívne 
610 2 0 |a systémy informačné 
100 1 |a Pražská, Lenka